00657cam a22001937a 4500003000500000005001700005008004100022010001000063011001000073035001000083040000900093100003800102245012400140260004000264300001800304502005000322650003800372650005300410CHAP20220329135130.0971013s1943 r 00010 d a31425 a32397 a36512 cCHAP00aMartínez, Ponciano Sebastián. 0aEstudio y planeación de la distribución local de aguas en la Unidad No. 4. del Distrito de Riego de "El Lerma" Gto. aChapingo, Méx. :bEl autor,c1943 a85 h.b: ilus aTesis (Ing. Agr. Esp. en Irrigación) -- ENA14aAguaxDistribuciónxGuanajuato.14aDistrito de Riego Alto Río Lerma, Gto. y Mich.